[Event "COL-chT"]
[Site "Santa Marta"]
[Date "2022.11.04"]
[Round "5.1"]
[White "Sierra Fonseca, Edwin Andres"]
[Black "Camargo, Abad"]
[Result "1/2-1/2"]
[WhiteElo "2159"]
[BlackElo "1909"]
[PlyCount "34"]
[EventDate "2022.11.02"]
[EventType "team-swiss"]
[EventRounds "7"]
[EventCountry "COL"]
[SourceTitle "CBM 211 Extra"]
[Source "ChessBase"]
[SourceDate "2023.01.31"]
[SourceVersion "1"]
[SourceVersionDate "2023.01.31"]
[SourceQuality "1"]
[WhiteTeam "Casanare"]
[BlackTeam "Magdalena II"]
[WhiteTeamCountry "COL"]
[BlackTeamCountry "COL"]

1. d4 Nf6 2. Nf3 d5 3. Bf4 c5 4. e3 Bg4 5. Be2 Nc6 6. 0-0 e6 7. Nbd2 Be7 8. c3 cxd4 9. exd4 0-0 10. Ne5 Bxe2 11. Qxe2 Nxe5 12. dxe5 Nd7 13. Nf3 Qb6 14. Rad1 Rac8 15. Be3 Bc5 16. Bd4 Bxd4 17. Nxd4 Rc4 1/2-1/2

[Event "Gachantiva op 9th"]
[Site "Gachantiva"]
[Date "2019.06.24"]
[Round "7"]
[White "Corredor Castellanos, Camilo"]
[Black "Sierra Fonseca, Edwin Andres"]
[Result "1-0"]
[WhiteElo "2004"]
[BlackElo "2237"]
[PlyCount "89"]
[EventDate "2019.06.21"]
[EventType "swiss"]
[EventRounds "7"]
[EventCountry "COL"]
[SourceTitle "CBM 191 Extra"]
[Source "ChessBase"]
[SourceDate "2019.09.30"]
[SourceVersion "1"]
[SourceVersionDate "2019.09.30"]
[SourceQuality "1"]

1. d4 Nf6 2. c4 g6 3. Nc3 Bg7 4. e4 d6 5. f4 0-0 6. Nf3 Nbd7 7. Bd3 e5 8. fxe5 dxe5 9. d5 Qe7 10. Rb1 Nh5 11. 0-0 Nf4 12. b4 Nf6 13. Qc2 N6h5 14. c5 a6 15. Bc4 Bg4 16. Be3 Qd7 17. Rf2 Kh8 18. b5 axb5 19. Rxb5 c6 20. Rb6 f5 21. Qb3 fxe4 22. dxc6 bxc6 23. Ng5 h6 24. Rb7 Qf5 25. Nf7+ Kh7 26. Nd6 Qg5 27. Ncxe4 Qd8 28. Rd2 Qa5 29. Rb6 Nd5 30. Bxd5 cxd5 31. Qxd5 Nf4 32. Bxf4 exf4 33. h3 Bd7 34. Nc4 Qa4 35. Qxd7 Qxc4 36. Rb7 Qg8 37. c6 Kh8 38. Nc5 Rad8 39. Qxd8 Rxd8 40. Rxd8 Qxd8 41. c7 Qd4+ 42. Kh2 Qe5 43. c8Q+ Kh7 44. Nd3 Qd4 45. Qd7 1-0

[Event "Gachantiva op 9th"]
[Site "Gachantiva"]
[Date "2019.06.23"]
[Round "4"]
[White "Sierra Fonseca, Edwin Andres"]
[Black "Garcia Alarcon, Alvaro"]
[Result "1-0"]
[WhiteElo "2237"]
[BlackElo "2106"]
[PlyCount "52"]
[EventDate "2019.06.21"]
[EventType "swiss"]
[EventRounds "7"]
[EventCountry "COL"]
[SourceTitle "CBM 191 Extra"]
[Source "ChessBase"]
[SourceDate "2019.09.30"]
[SourceVersion "1"]
[SourceVersionDate "2019.09.30"]
[SourceQuality "1"]

1. d4 Nf6 2. Nf3 d6 3. Bf4 Bg4 4. e3 Nbd7 5. Be2 c6 6. Nbd2 h6 7. h3 Bf5 8. 0-0 g5 9. Bh2 Bg7 10. a4 Nf8 11. a5 Ng6 12. Ne1 h5 13. f3 Qd7 14. c4 Nh4 15. Rf2 g4 16. e4 gxf3 17. Nexf3 Nxf3+ 18. Bxf3 Bg6 19. e5 dxe5 20. dxe5 Ng8 21. Nb3 Qxd1+ 22. Rxd1 Rc8 23. Nc5 b6 24. Nb7 bxa5 25. Bxc6+ Kf8 26. Nxa5 e6 1-0

[Event "Gachantiva op 9th"]
[Site "Gachantiva"]
[Date "2019.06.22"]
[Round "3"]
[White "Mena Cordoba, Yamil Octavio"]
[Black "Sierra Fonseca, Edwin Andres"]
[Result "0-1"]
[WhiteElo "1966"]
[BlackElo "2237"]
[PlyCount "124"]
[EventDate "2019.06.21"]
[EventType "swiss"]
[EventRounds "7"]
[EventCountry "COL"]
[SourceTitle "CBM 191 Extra"]
[Source "ChessBase"]
[SourceDate "2019.09.30"]
[SourceVersion "1"]
[SourceVersionDate "2019.09.30"]
[SourceQuality "1"]

1. e4 e5 2. Nf3 Nf6 3. Nc3 Bb4 4. d3 d5 5. exd5 Nxd5 6. Bd2 Nc6 7. Be2 0-0 8. 0-0 Be7 9. b3 Be6 10. Re1 f6 11. Nxd5 Bxd5 12. Bc3 Qd7 13. Nd2 Ba3 14. Bg4 Qf7 15. Bf3 Rad8 16. Nc4 Bc5 17. Ne3 Bxf3 18. Qxf3 Bxe3 19. fxe3 Qd5 20. Qxd5+ Rxd5 21. b4 Rfd8 22. Kf2 Ne7 23. Ke2 Rc8 24. Kd2 e4 25. d4 Rg5 26. Re2 Nd5 27. a3 b5 28. Bb2 Rf5 29. a4 a6 30. axb5 axb5 31. c3 Kf7 32. Kc2 Ke7 33. Kb3 Nb6 34. Ra7 Kd7 35. Bc1 Rf1 36. Bd2 Kc6 37. Be1 Ra8 38. Rxa8 Nxa8 39. c4 bxc4+ 40. Kxc4 Nb6+ 41. Kb3 Kd7 42. b5 Rf5 43. Kb4 Nd5+ 44. Kc4 h5 45. h3 Nb6+ 46. Kb4 g5 47. Ka5 Rf1 48. Ka6 Nc4 49. Ka7 Rf5 50. Ka6 h4 51. Rc2 Nxe3 52. Re2 Nc4 53. Bb4 e3 54. Rc2 Nb6 55. Ba5 Rf2 56. Rc1 Ra2 57. Kb7 Rxa5 58. Rxc7+ Kd8 59. Kxb6 Rxb5+ 60. Kc6 e2 61. Ra7 Rb1 62. d5 e1Q 0-1

[Event "COL-ch U2300"]
[Site "Pereira"]
[Date "2019.03.24"]
[Round "7"]
[White "Pardo, Alejandro"]
[Black "Sierra Fonseca, Edwin Andres"]
[Result "1-0"]
[WhiteElo "2140"]
[BlackElo "2213"]
[PlyCount "63"]
[EventDate "2019.03.21"]
[EventType "swiss"]
[EventRounds "9"]
[EventCountry "COL"]
[SourceTitle "CBM 189 Extra"]
[Source "ChessBase"]
[SourceDate "2019.05.31"]
[SourceVersion "1"]
[SourceVersionDate "2019.05.31"]
[SourceQuality "1"]

1. d4 Nf6 2. Nf3 g6 3. c4 Bg7 4. Nc3 d6 5. e4 0-0 6. Be2 Nc6 7. 0-0 e5 8. d5 Ne7 9. b4 Nh5 10. g3 h6 11. Nd2 Nf6 12. c5 Ne8 13. Nc4 f5 14. f3 Rf7 15. Be3 g5 16. Bf2 Ng6 17. Rc1 Bf8 18. Kg2 h5 19. cxd6 Nxd6 20. Qc2 f4 21. Nxd6 Bxd6 22. Nb5 g4 23. Bc5 fxg3 24. hxg3 h4 25. fxg4 Rg7 26. Nxd6 cxd6 27. Be3 hxg3 28. Qd2 Bd7 29. Bh6 Rh7 30. Rh1 Rxh6 31. Qxh6 Nf4+ 32. Kf3 1-0

[Event "COL-ch U2300"]
[Site "Pereira"]
[Date "2019.03.23"]
[Round "5"]
[White "Sierra Fonseca, Edwin Andres"]
[Black "Garavito, Miguel Angel"]
[Result "1-0"]
[WhiteElo "2213"]
[BlackElo "2299"]
[PlyCount "79"]
[EventDate "2019.03.21"]
[EventType "swiss"]
[EventRounds "9"]
[EventCountry "COL"]
[SourceTitle "CBM 189 Extra"]
[Source "ChessBase"]
[SourceDate "2019.05.31"]
[SourceVersion "1"]
[SourceVersionDate "2019.05.31"]
[SourceQuality "1"]

1. d4 Nf6 2. Nf3 g6 3. Bf4 Bg7 4. e3 0-0 5. h3 d6 6. Be2 Nc6 7. 0-0 Nd7 8. c4 e5 9. Bh2 f5 10. Nc3 e4 11. Nd2 Nf6 12. a3 Kh8 13. b4 Ne7 14. Rc1 g5 15. a4 Ng6 16. Qc2 Rg8 17. d5 Qe7 18. c5 Ne5 19. Nc4 Nxc4 20. Bxc4 g4 21. h4 Nd7 22. cxd6 cxd6 23. Nb5 Be5 24. Bxe5+ Nxe5 25. g3 Bd7 26. Na3 Rac8 27. Qb3 Rc7 28. Bb5 Rgc8 29. Rxc7 Rxc7 30. Bxd7 Qxd7 31. Nb5 Rc4 32. Nxa7 Kg8 33. Kg2 Kf7 34. Nb5 Ke7 35. Nd4 Qc8 36. b5 Kf6 37. Qa3 Qc5 38. Qa1 Kg6 39. a5 Nf3 40. Ne6 1-0

[Event "Arica op 5th"]
[Site "Arica"]
[Date "2018.12.19"]
[Round "9"]
[White "Sierra Fonseca, Edwin Andres"]
[Black "Gemy Vargas, Jose Daniel"]
[Result "1-0"]
[WhiteElo "2181"]
[BlackElo "2401"]
[PlyCount "97"]
[EventDate "2018.12.13"]
[EventType "swiss"]
[EventRounds "10"]
[EventCountry "CHI"]
[SourceTitle "CBM 188 Extra"]
[Source "ChessBase"]
[SourceDate "2019.02.28"]
[SourceVersion "1"]
[SourceVersionDate "2019.02.28"]
[SourceQuality "1"]

1. d4 Nf6 2. Nf3 e6 3. e3 b6 4. Bd3 Bb7 5. Nbd2 d5 6. b3 Nbd7 7. Bb2 Ne4 8. 0-0 Bd6 9. Ne5 Nxd2 10. Qxd2 f6 11. Nxd7 Qxd7 12. c4 dxc4 13. bxc4 c5 14. Qc2 Qc7 15. h3 0-0-0 16. Be4 Kb8 17. Bxb7 Kxb7 18. a4 a5 19. Rab1 Ka7 20. Qe4 Qd7 21. Bc3 f5 22. Qf3 Rb8 23. Rb5 Qc7 24. Rfb1 Rhf8 25. Qe2 g5 26. Qb2 Rfc8 27. dxc5 Bxc5 28. Be5 Bd6 29. c5 Bxe5 30. cxb6+ Rxb6 31. Rxa5+ Kb7 32. Qxb6+ Qxb6 33. Rxb6+ Kxb6 34. Rxe5 Rc6 35. e4 fxe4 36. Rxg5 Rc4 37. Re5 Rxa4 38. Rxe6+ Kc5 39. Re7 h6 40. Re6 h5 41. Re5+ Kd4 42. Rxh5 Kd3 43. g4 Ra7 44. Kg2 Ra2 45. Rf5 Kd4 46. Rf7 Ra3 47. g5 Kd5 48. h4 Ra4 49. g6 1-0

[Event "COL-ch"]
[Site "Bogota"]
[Date "2018.11.11"]
[Round "8"]
[White "Sierra Fonseca, Edwin Andres"]
[Black "Pai, Juan David"]
[Result "1-0"]
[WhiteElo "2171"]
[BlackElo "2023"]
[PlyCount "87"]
[EventDate "2018.11.06"]
[EventType "swiss"]
[EventRounds "9"]
[EventCountry "COL"]
[SourceTitle "CBM 187 Extra"]
[Source "ChessBase"]
[SourceDate "2018.11.04"]
[SourceVersion "1"]
[SourceVersionDate "2018.11.04"]
[SourceQuality "1"]

1. e4 c5 2. Nf3 e6 3. d3 Nc6 4. g3 d5 5. Nbd2 Nf6 6. Bg2 Be7 7. 0-0 dxe4 8. dxe4 Qc7 9. c3 0-0 10. Qc2 Rd8 11. Nc4 e5 12. Ne3 Bf8 13. Nd5 Nxd5 14. exd5 Ne7 15. c4 Nf5 16. Re1 Bd6 17. Bd2 Bd7 18. a3 a5 19. Rac1 Re8 20. Ng5 h6 21. Bh3 g6 22. Nf3 Kg7 23. Bf1 b6 24. Bg2 Rac8 25. Re2 Nd4 26. Nxd4 cxd4 27. Qd3 f5 28. b4 axb4 29. axb4 Qd8 30. f4 Qf6 31. fxe5 Bxe5 32. c5 f4 33. gxf4 Bxf4 34. Bxf4 Qxf4 35. Rf1 Qh4 36. c6 Bf5 37. Rxf5 gxf5 38. d6 Qg5 39. Rxe8 Rxe8 40. Qg3 d3 41. d7 Ra8 42. Qxg5+ hxg5 43. c7 Ra1+ 44. Bf1 1-0

[Event "COL-ch"]
[Site "Bogota"]
[Date "2018.11.10"]
[Round "7"]
[White "Gomez Barrero, Sergio"]
[Black "Sierra Fonseca, Edwin Andres"]
[Result "0-1"]
[WhiteElo "2028"]
[BlackElo "2171"]
[PlyCount "80"]
[EventDate "2018.11.06"]
[EventType "swiss"]
[EventRounds "9"]
[EventCountry "COL"]
[SourceTitle "CBM 187 Extra"]
[Source "ChessBase"]
[SourceDate "2018.11.04"]
[SourceVersion "1"]
[SourceVersionDate "2018.11.04"]
[SourceQuality "1"]

1. e4 e5 2. Nf3 Nf6 3. Nc3 Bb4 4. Bc4 0-0 5. d3 d6 6. h3 c6 7. 0-0 Nbd7 8. Bg5 h6 9. Bd2 Re8 10. Ne2 Bxd2 11. Nxd2 d5 12. Bb3 a5 13. exd5 cxd5 14. Ba4 Re6 15. c4 Nc5 16. d4 Nxa4 17. Qxa4 Bd7 18. Qd1 Nh5 19. cxd5 Rg6 20. Ng3 Nxg3 21. fxg3 Bb5 22. dxe5 Qxd5 23. Rf2 Qxe5 24. Qb3 Rf8 25. Nf3 Qc5 26. g4 Rd6 27. Re1 Bc4 28. Qc2 Qb5 29. Re5 Qa6 30. Rd2 Rc8 31. Kh2 Be6 32. Qd1 Rcd8 33. Rxd6 Rxd6 34. Qa4 b6 35. Qe8+ Kh7 36. g5 Qc4 37. Kg3 Rd3 38. g6+ Kxg6 39. b3 Qc7 40. Kf2 Rxf3+ 0-1

[Event "COL-ch"]
[Site "Bogota"]
[Date "2018.11.07"]
[Round "2"]
[White "Sierra Fonseca, Edwin Andres"]
[Black "Valencia, Cristian Johan"]
[Result "1/2-1/2"]
[WhiteElo "2171"]
[BlackElo "1962"]
[PlyCount "33"]
[EventDate "2018.11.06"]
[EventType "swiss"]
[EventRounds "9"]
[EventCountry "COL"]
[SourceTitle "CBM 187 Extra"]
[Source "ChessBase"]
[SourceDate "2018.11.04"]
[SourceVersion "1"]
[SourceVersionDate "2018.11.04"]
[SourceQuality "1"]

1. d4 d5 2. Nf3 Nf6 3. e3 Bf5 4. c4 e6 5. Nc3 Be7 6. Be2 h6 7. 0-0 0-0 8. Qb3 b6 9. Ne5 c5 10. Bf3 cxd4 11. exd4 Be4 12. cxd5 Bxf3 13. Nxf3 Nxd5 14. Nxd5 Qxd5 15. Qxd5 exd5 16. Re1 Bf6 17. Bf4 1/2-1/2

[Event "COL-ch blitz"]
[Site "Quibdo"]
[Date "2015.11.08"]
[Round "14"]
[White "Sierra Fonseca, Edwin Andres"]
[Black "Gonzalez Parejo, Ramon Junior"]
[Result "0-1"]
[WhiteElo "2171"]
[BlackElo "2243"]
[PlyCount "70"]
[EventDate "2015.11.08"]
[EventType "swiss (blitz)"]
[EventRounds "18"]
[EventCountry "COL"]
[SourceTitle "CBM 169 Extra"]
[Source "ChessBase"]
[SourceDate "2015.12.18"]
[SourceVersion "1"]
[SourceVersionDate "2015.12.18"]
[SourceQuality "1"]

1. d4 Nf6 2. Nf3 g6 3. Bf4 Bg7 4. e3 0-0 5. h3 d6 6. c4 Nc6 7. Nc3 Nd7 8. Be2 e5 9. Bg3 f5 10. d5 Ne7 11. 0-0 a5 12. a3 f4 13. Bh2 fxe3 14. fxe3 Nf5 15. Qd2 Nc5 16. Rae1 a4 17. Bd1 Bd7 18. e4 Bh6 19. Qf2 Nd3 20. Qe2 Nxe1 21. Rxe1 Nd4 22. Qd3 Nxf3+ 23. Bxf3 Qg5 24. Kh1 Qd2 25. Qxd2 Bxd2 26. Rd1 Bxc3 27. bxc3 Bxh3 28. Rb1 b6 29. Bd1 Bd7 30. Bf3 h5 31. Bg3 Bg4 32. Bxg4 hxg4 33. Kh2 Kg7 34. Rb4 Rf1 35. Bxe5+ dxe5 0-1

[Event "COL-ch blitz"]
[Site "Quibdo"]
[Date "2015.11.08"]
[Round "1"]
[White "Sierra Fonseca, Edwin Andres"]
[Black "Martinez Romero, Martin"]
[Result "0-1"]
[WhiteElo "2171"]
[BlackElo "2477"]
[PlyCount "42"]
[EventDate "2015.11.08"]
[EventType "swiss (blitz)"]
[EventRounds "18"]
[EventCountry "COL"]
[SourceTitle "CBM 169 Extra"]
[Source "ChessBase"]
[SourceDate "2015.12.18"]
[SourceVersion "1"]
[SourceVersionDate "2015.12.18"]
[SourceQuality "1"]

1. d4 Nf6 2. Nf3 g6 3. Bf4 Bg7 4. e3 d6 5. h3 0-0 6. Be2 b6 7. Nbd2 Bb7 8. 0-0 Nbd7 9. c4 c5 10. Rb1 cxd4 11. exd4 Rc8 12. b4 Nh5 13. Bh2 e5 14. c5 e4 15. Ne1 dxc5 16. dxc5 Qg5 17. Bxh5 gxh5 18. Nc4 Nf6 19. Nd6 Rcd8 20. Qc1 Qxc1 21. Rxc1 Bc8 0-1

[Event "COL-ch blitz"]
[Site "Quibdo"]
[Date "2015.11.08"]
[Round "17"]
[White "Sierra Fonseca, Edwin Andres"]
[Black "Ruge, Edison"]
[Result "0-1"]
[WhiteElo "2171"]
[BlackElo "2164"]
[PlyCount "97"]
[EventDate "2015.11.08"]
[EventType "swiss (blitz)"]
[EventRounds "18"]
[EventCountry "COL"]
[SourceTitle "CBM 169 Extra"]
[Source "ChessBase"]
[SourceDate "2015.12.18"]
[SourceVersion "1"]
[SourceVersionDate "2015.12.18"]
[SourceQuality "1"]

1. e4 e5 2. Nf3 Nc6 3. Bb5 f5 4. d3 fxe4 5. dxe4 Nf6 6. 0-0 Bc5 7. Bg5 d6 8. Nc3 0-0 9. Nd5 Kh8 10. Nh4 Ne7 11. Bd3 c6 12. Nxf6 gxf6 13. Bh6 Rg8 14. Qf3 Ng6 15. Nf5 Bxf5 16. Qxf5 Nh4 17. Qh5 Nxg2 18. Kh1 Qe8 19. Qf3 Qg6 20. Be3 Nh4 21. Qh3 Qg2+ 22. Qxg2 Nxg2 23. Bxc5 dxc5 24. Bc4 Rg6 25. Rad1 Nf4 26. Rd7 b5 27. Bf7 Rg7 28. Rfd1 Rf8 29. Be6 Nxe6 30. Rxg7 Kxg7 31. Rd6 Nd8 32. Rd7+ Kg6 33. Rxa7 Ne6 34. Re7 Nf4 35. Rd7 c4 36. Rd6 c5 37. Kg1 Ra8 38. a3 b4 39. h4 bxa3 40. bxa3 Rxa3 41. Rc6 Rc3 42. Rxc5 Rxc2 43. Kh2 Rxf2+ 44. Kg3 Rc2 45. Kg4 h5+ 46. Kf3 Ne6 47. Rc8 c3 48. Ke3 Rh2 49. Ra8 0-1

[Event "Medellin Flores op 22nd"]
[Site "Medellin"]
[Date "2015.08.09"]
[Round "8"]
[White "Sierra Fonseca, Edwin Andres"]
[Black "Lozano Ramirez, Nestor Favian"]
[Result "0-1"]
[WhiteElo "2169"]
[BlackElo "2153"]
[PlyCount "70"]
[EventDate "2015.08.05"]
[EventType "swiss"]
[EventRounds "9"]
[EventCountry "COL"]
[SourceTitle "EXT 2016"]
[Source "ChessBase"]
[SourceDate "2015.10.08"]
[SourceVersion "1"]
[SourceVersionDate "2015.10.08"]
[SourceQuality "1"]

1. d4 g6 2. Nf3 Bg7 3. Bf4 d6 4. e3 Nd7 5. h3 e5 6. Bh2 Qe7 7. Be2 Ngf6 8. 0-0 Ne4 9. c4 0-0 10. Re1 b6 11. Nbd2 Nxd2 12. Nxd2 Bb7 13. Bf3 e4 14. Be2 f5 15. Nf1 Kh8 16. b4 Rf7 17. Rb1 Raf8 18. Qa4 a6 19. c5 b5 20. Qa5 Nf6 21. cxd6 cxd6 22. Qb6 f4 23. exf4 Nd5 24. Qa5 Bxd4 25. g3 e3 26. f3 Nc3 27. Qa3 Nxb1 28. Qd3 Bb6 29. Qxb1 g5 30. Qb2+ Kg8 31. Kg2 gxf4 32. gxf4 Rg7+ 33. Bg3 Rxf4 34. Bd1 d5 35. Bb3 Kf8 0-1

[Event "Medellin Flores op 22nd"]
[Site "Medellin"]
[Date "2015.08.06"]
[Round "2"]
[White "Sierra Fonseca, Edwin Andres"]
[Black "Yepez, Yeison Alexander"]
[Result "1-0"]
[WhiteElo "2169"]
[BlackElo "1851"]
[PlyCount "27"]
[EventDate "2015.08.05"]
[EventType "swiss"]
[EventRounds "9"]
[EventCountry "COL"]
[SourceTitle "EXT 2016"]
[Source "ChessBase"]
[SourceDate "2015.10.08"]
[SourceVersion "1"]
[SourceVersionDate "2015.10.08"]
[SourceQuality "1"]

1. d4 d5 2. Nf3 Nf6 3. Bf4 Bf5 4. e3 e6 5. c4 c5 6. Nc3 Nc6 7. Qb3 a6 8. cxd5 Nb4 9. Qa4+ b5 10. Nxb5 axb5 11. Bxb5+ Nd7 12. Bxd7+ Ke7 13. d6+ Kf6 14. Bg5+ 1-0

[Event "Bogota Humana op"]
[Site "Bogota"]
[Date "2012.12.09"]
[Round "9"]
[White "Ramirez, Carlos"]
[Black "Sierra Fonseca, Edwin Andres"]
[Result "1-0"]
[WhiteElo "2310"]
[BlackElo "2142"]
[PlyCount "79"]
[EventDate "2012.12.05"]
[EventType "swiss"]
[EventRounds "9"]
[EventCountry "COL"]
[SourceTitle "EXT 2014"]
[Source "ChessBase"]
[SourceDate "2013.11.20"]
[SourceVersion "1"]
[SourceVersionDate "2013.11.20"]
[SourceQuality "1"]

1. d4 Nf6 2. c4 g6 3. Nc3 Bg7 4. e4 0-0 5. Nf3 d6 6. Be2 e5 7. 0-0 Nbd7 8. Be3 Ng4 9. Bg5 f6 10. Bd2 Nh6 11. Qc2 Nf7 12. Rad1 Re8 13. Be3 c6 14. c5 exd4 15. Bxd4 dxc5 16. Bxc5 Qc7 17. Be3 Nde5 18. Nxe5 Qxe5 19. f4 Qe7 20. Kh1 b6 21. Bg1 Bb7 22. Bf3 Rad8 23. Rde1 Ba8 24. a3 Qc7 25. Qc1 Re7 26. Bf2 Bh6 27. Bg3 Rde8 28. Bd1 c5 29. Ba4 Rd8 30. Bc2 Kg7 31. Qe3 f5 32. Bh4 Rde8 33. Bxe7 Rxe7 34. Qg3 fxe4 35. Bxe4 Bxe4 36. Nxe4 Kf8 37. Nf6 Bxf4 38. Nxh7+ Kg7 39. Rxe7 Bxg3 40. Rfxf7+ 1-0

[Event "Pamplona IRT rap op"]
[Site "Pamplona"]
[Date "2012.11.09"]
[Round "2"]
[White "Acosta, Alejandro"]
[Black "Sierra Fonseca, Edwin Andres"]
[Result "1/2-1/2"]
[WhiteElo "2302"]
[BlackElo "2136"]
[PlyCount "52"]
[EventDate "2012.11.09"]
[EventType "swiss"]
[EventRounds "11"]
[EventCountry "COL"]
[SourceTitle "CBM 151 Extra"]
[Source "ChessBase"]
[SourceDate "2012.12.18"]
[SourceVersion "1"]
[SourceVersionDate "2012.12.18"]
[SourceQuality "1"]

1. e4 e5 2. Nf3 Nf6 3. Nxe5 d6 4. Nf3 Nxe4 5. d4 d5 6. Bd3 Nc6 7. 0-0 Be7 8. c4 Nb4 9. Be2 0-0 10. Nc3 Bf5 11. a3 Nxc3 12. bxc3 Nc6 13. Re1 Bf6 14. Bf4 Rc8 15. Bd3 Bxd3 16. Qxd3 dxc4 17. Qxc4 Na5 18. Qa2 c5 19. Rad1 cxd4 20. cxd4 Nc4 21. d5 Re8 22. Rxe8+ Qxe8 23. d6 Qd7 24. h3 h6 25. Qb3 b5 26. Ra1 a6 1/2-1/2

[Event "Pamplona Sub zt 2.3"]
[Site "Pamplona"]
[Date "2012.11.06"]
[Round "3"]
[White "Cuartas, Jaime Alexander"]
[Black "Sierra Fonseca, Edwin Andres"]
[Result "1-0"]
[WhiteElo "2517"]
[BlackElo "2136"]
[PlyCount "37"]
[EventDate "2012.11.05"]
[EventType "swiss"]
[EventRounds "9"]
[EventCountry "COL"]
[SourceTitle "EXT 2013"]
[Source "ChessBase"]
[SourceDate "2012.11.22"]
[SourceVersion "1"]
[SourceVersionDate "2012.11.22"]
[SourceQuality "1"]

1. e4 e5 2. Nf3 Nf6 3. Nxe5 d6 4. Nf3 Nxe4 5. Nc3 Nf6 6. d4 d5 7. Bd3 Bg4 8. h3 Bh5 9. Bg5 Be7 10. Qe2 0-0 11. g4 Bg6 12. Bxg6 hxg6 13. 0-0-0 Bb4 14. Bxf6 gxf6 15. Qd3 Bxc3 16. Qxc3 Qd6 17. Qd2 Nd7 18. h4 Nb6 19. Qh6 1-0

[Event "Pamplona Sub zt 2.3"]
[Site "Pamplona"]
[Date "2012.11.05"]
[Round "1"]
[White "Sierra Fonseca, Edwin Andres"]
[Black "Zapata, Alonso"]
[Result "0-1"]
[WhiteElo "2136"]
[BlackElo "2470"]
[PlyCount "98"]
[EventDate "2012.11.05"]
[EventType "swiss"]
[EventRounds "9"]
[EventCountry "COL"]
[SourceTitle "EXT 2013"]
[Source "ChessBase"]
[SourceDate "2012.11.22"]
[SourceVersion "1"]
[SourceVersionDate "2012.11.22"]
[SourceQuality "1"]

1. e4 c5 2. Nf3 e6 3. d3 Nc6 4. g3 d5 5. Nbd2 g6 6. Bg2 Bg7 7. 0-0 Nge7 8. Re1 a5 9. Qe2 a4 10. e5 h6 11. h4 Nf5 12. c3 g5 13. Bh3 Rg8 14. Nf1 gxh4 15. Bxf5 exf5 16. Nxh4 d4 17. Qh5 Qd5 18. Nxf5 Bxf5 19. Qxf5 Qe6 20. Qh5 0-0-0 21. Bf4 dxc3 22. bxc3 Rxd3 23. Rab1 Rgd8 24. Rb6 R8d7 25. Reb1 Bf8 26. c4 Be7 27. Ne3 Bd8 28. R6b5 b6 29. Nd5 R7xd5 30. cxd5 Qxd5 31. Qh1 Rd1+ 32. Rxd1 Qxd1+ 33. Kh2 Qxh1+ 34. Kxh1 Nb4 35. a3 Kd7 36. Bd2 h5 37. Rxb4 cxb4 38. axb4 Ke6 39. Bc3 Kd5 40. f4 a3 41. Kg2 a2 42. f5 Be7 43. b5 Ke4 44. f6 Bc5 45. e6 fxe6 46. f7 Kf5 47. Kf3 Kg6 48. Ke4 Kxf7 49. Kf3 Bf8 0-1

[Event "Pamplona IRT blitz op"]
[Site "Pamplona"]
[Date "2012.11.04"]
[Round "12.15"]
[White "Valderrama Espinosa, Gilberto"]
[Black "Sierra Fonseca, Edwin Andres"]
[Result "1-0"]
[WhiteElo "2232"]
[BlackElo "2343"]
[PlyCount "107"]
[EventDate "2012.11.04"]
[EventType "swiss (blitz)"]
[EventRounds "18"]
[EventCountry "COL"]
[SourceTitle "EXT 2024"]
[Source "ChessBase"]
[SourceDate "2023.10.10"]
[SourceVersion "1"]
[SourceVersionDate "2023.10.10"]
[SourceQuality "1"]

1. e4 e5 2. Nf3 Nf6 3. Nc3 Bb4 4. Bc4 0-0 5. d3 d5 6. exd5 Nxd5 7. Bd2 Nxc3 8. bxc3 Bd6 9. 0-0 Bg4 10. h3 Bh5 11. Rb1 Nd7 12. Re1 Nb6 13. Bb3 Re8 14. g4 Bg6 15. Bg5 Qd7 16. Nh4 a5 17. a3 Qc6 18. Nxg6 hxg6 19. Re3 a4 20. Ba2 Qxc3 21. Rf3 Rf8 22. h4 Qd4 23. Rh3 Nd5 24. Qf3 Nc3 25. Bc4 b5 26. Be3 e4 27. Bxd4 exf3 28. Bxc3 bxc4 29. Rxf3 Bxa3 30. dxc4 Bc5 31. h5 Ra6 32. Ra1 gxh5 33. gxh5 Rh6 34. Rf5 Bd6 35. Rxa4 g6 36. hxg6 Rxg6+ 37. Kf1 f6 38. c5 Be7 39. Re4 Rf7 40. c6 Rg5 41. Rxg5+ fxg5 42. Ke2 Kh7 43. Re6 Bd6 44. Ba5 Bc5 45. f3 Bd6 46. Rxd6 cxd6 47. Bd8 Rf8 48. c7 Re8+ 49. Kd3 Kg6 50. c8Q Re5 51. Qd7 Rd5+ 52. Ke2 Re5+ 53. Kf2 Rd5 54. Qe6+ 1-0